call of duty zombies die rise - Statistics

General Stats
  • This quiz has been taken 29 times
  • The average score is 6 of 11
Answer Stats
Hint Answer % Correct
new perk whos who
85%
where is die rise china
81%
what perk is a troll that you cant get phd flopper
77%
what new buildable can you build in die rise trample steam
62%
replaced dogs jumping jacks
58%
what are the keys for elevator
50%
what is the navacard for nav table
50%
what month is die rise october
50%
what year is die rise 2035
35%
who hears groans samuel
35%
wonder weapon sliquifer
23%
No matching quizzes found
Score Distribution
Percent of People with Each Score
Percentile by Number Answered
Your Score History
You have not taken this quiz